| 000 | 00601nam a2200229Ia 4500 | ||
|---|---|---|---|
| 001 | 11957 | ||
| 003 | GE_BSU | ||
| 008 | 181216s||||||||xx |||||||||||||| ||und|| | ||
| 020 | _a9780789033390 | ||
| 040 | _cGE_BSU | ||
| 080 | _a658 | ||
| 100 | _aLockyer, Timothy L. G. | ||
| 245 | 4 | _aThe International Hotel Industry: Sustainable Management | |
| 260 | _aUnited States,New York | ||
| 260 | _bRoutledge Member of the Taylor and Francis Group | ||
| 260 | _c2007 | ||
| 300 | _a201p.22cm. | ||
| 541 | _h147Gel. | ||
| 653 | _aHospitality Industry | ||
| 653 | _aInternational Business | ||
| 942 | _cBK | ||
| 999 |
_c45134 _d45134 |
||